00000000cam 2200000zi 4500
0019.945516
003CaOODSP
00520251117134133
006m     o  d f      
007cr cn|||||||||
008241125t20242024onc     obs  f000 0 eng d
020 |a9780660746517
040 |aCaOODSP|beng|erda|cCaOODSP
043 |an-cn---
0861 |aCS89-657/2024-9E-PDF
24500|aSurvey on the official language minority population : |buser guide, 2022.
264 1|a[Ottawa] : |bStatistics Canada = Statistique Canada, |c2024.
264 4|c©2024
300 |a1 online resource (14 pages).
336 |atext|btxt|2rdacontent
337 |acomputer|bc|2rdamedia
338 |aonline resource|bcr|2rdacarrier
4901 |aEthnicity, language and immigration thematic series, |x2371-5006
500 |aCover title.
500 |a"Release date: December 16, 2024."
500 |aIssued also in French under title: Enquête sur la population de langue officielle en situation minoritaire : guide de l'utilisateur, 2022.
504 |aIncludes bibliographical references.
520 |a"The Survey on the Official Language Minority Population (SOLMP) was conducted by Statistics Canada in 2022 with the cooperation and support of Canadian Heritage. It is a postcensal survey of the English-speaking population in Quebec and the French-speaking population elsewhere in Canada. Questions were designed to assess changes in the official language minority populations since 2006, when a similar survey (Survey on the Vitality of Official Language Minorities [SVOLM]) was conducted by Statistics Canada, and to provide new information on emerging issues regarding these minority populations"--Survey description, page 4.
650 0|aLanguage policy|zCanada.
650 0|aBilingualism|xGovernment policy|zCanada.
650 0|aLinguistic minorities|zCanada|xAttitudes.
650 0|aLinguistic minorities|zCanada|vStatistics.
655 7|aStatistics|2lcgft
7102 |aStatistics Canada, |eissuing body.
77508|tEnquête sur la population de langue officielle en situation minoritaire : |w(CaOODSP)9.945517
794 |tSurvey on the official language minority population : |b2025|w(CaOODSP)9.946431
830#0|aEthnicity, language and immigration thematic series (Statistics Canada)|x2371-5006|w(CaOODSP)9.824152
85640|qPDF|s326 KB|uhttps://publications.gc.ca/collections/collection_2024/statcan/89-657-x/89-657-x2024009-eng.pdf
8564 |qHTML|sN/A|uhttps://www150.statcan.gc.ca/n1/pub/89-657-x/89-657-x2024009-eng.htm
986 |a89‑657‑X2024009